2025/26 Bundesliga Final Standings - Statistics

General Stats
  • This quiz has been taken 20 times
  • The average score is 14 of 18
Answer Stats
# Points Team % Correct
1 89 Bayern München
100%
2 73 Borussia Dortmund
100%
3 65 RB Leipzig
95%
5 61 TSG Hoffenheim
95%
16 29 VfL Wolfsburg
89%
10 40 Mainz 05
84%
4 62 VfB Stuttgart
84%
17 26 1. FC Heidenheim
79%
14 32 1. FC Köln
79%
8 44 Eintracht Frankfurt
79%
15 32 Werder Bremen
79%
9 43 FC Augsburg
74%
18 26 FC St. Pauli
74%
7 47 SC Freiburg
74%
12 38 Borussia Mönchengladbach
68%
11 39 Union Berlin
68%
6 59 Bayer 04 Leverkusen
63%
13 38 Hamburger SV
63%
No matching quizzes found
Score Distribution
Percent of People with Each Score
Percentile by Number Answered
Your Score History
You have not taken this quiz